| 000 | 01200npi a2200253 a 4500 | ||
|---|---|---|---|
| 003 | OSt | ||
| 005 | 20250303122131.0 | ||
| 008 | 230524q2023 ||||||||o|||| 00| 0 eng d | ||
| 040 |
_aChap _cChap |
||
| 245 | 0 | 0 | _aCABI Compendium: Animal Health and Production = CABI Compendio: Salud y Producción Animal |
| 246 | 3 | 1 |
_aCABI Compendio: _bSalud y Producción Animal |
| 250 | _a2023 | ||
| 505 | _gCompilación de información que vincula el conocimiento sobre salud, enfermedades, inocuidad y calidad de los alimentos y aspectos de cría de la producción ganadera y avícola. | ||
| 505 | _gCobertura detallada de los aspectos sanitarios y productivos del ganado y las aves de corral | ||
| 650 | 0 |
_9143387 _aProducción ganadera |
|
| 650 | 7 |
_98636 _aAves de corral |
|
| 650 | 7 |
_982275 _aNutrición animal |
|
| 650 | 0 |
_9141403 _aEnfermedades animales |
|
| 650 | 7 |
_912634 _aBienestar animal |
|
| 710 | 2 |
_9187137 _aCAB International (Wallingford, Inglaterra) |
|
| 856 |
_uhttps://www.cabidigitallibrary.org/journal/cabicompendium _zACCESO RED UACh |
||
| 856 |
_uhttps://chapingo.idm.oclc.org/login?url=https://www.cabidigitallibrary.org/journal/cabicompendium _zACCESO EXTERNO |
||
| 942 | _cITEMRECELE | ||
| 999 |
_c218819 _d218819 |
||